00402nam a2200157Ia 450000500170000000800410001702000150005805000220007310000170009524500430011226000350015530000330019044000060022352100070022952600080023620140318084008.0140130s9999 xx 000 0 und d a059004320X aPZ 73b.T376 1997 aTello, Jerry cTello, JerryaAbuelo y los tres osos / bScholastic,c1997.aNew York : a16 p. :bcol. ill. ;c26 cm. v1 aG4 c620